Sales training basics : a primer for those new to selling
| Main Author: | |
|---|---|
| Format: | Book |
| Published: |
California :
Crisp Publications ,
1988
|
| Subjects: |
MARC
| LEADER | 00000cam a2200000 7i4500 | ||
|---|---|---|---|
| 001 | 0000001291 | ||
| 002 | 000001423 | ||
| 005 | 20000330.0 | ||
| 020 | |a 0931961025 | ||
| 090 | 0 | 0 | |a 658.8 |b CHA |
| 100 | 1 | |a Chapman, Elwood N | |
| 245 | 1 | 0 | |a Sales training basics : |b a primer for those new to selling |c Elwood N. Chapman |
| 260 | |a California : |b Crisp Publications , |c 1988 | ||
| 300 | |a 54p. ; |c 25cm. | ||
| 650 | 0 | 0 | |a Selling |
| 999 | |a 032664 |b BUKU |c PINJAMAN |e PERPUSTAKAAN KOMUNITI PETALING JAYA | ||